000 00759nam a22002057a 4500
005 20240503103023.0
008 130821s1949 xxu gr eng
040 _aCo-BoUCM
_bspa
_cDavid Moreno (modificó)
_dDavid Moreno (modificó)
041 0 0 _aeng
100 1 _aKeene, Carolyn
_9149737
245 1 4 _aThe clue of the leaning chimney
_cCarolyn Keene
260 _aNueva York (Estados Unidos)
_bGrosset Dunlap
_c1949
300 _a212 Páginas
500 _aIncluye índice
600 _aCastro Silva
_9563
650 0 4 _aMujeres detectives
_912271
_vFicción juvenil
_xCuentos estadounidenses
650 0 4 _aEscondites
_912283
_vFicción juvenil
_xCuentos infantiles
942 _cLIBRO
_a18
_e1
_mK26c
_n0
_2DEWEY
_h813
999 _c86046
_d86046